[Event "SVK-chT2A 0809"]
[Site "Slovakia"]
[Date "2008.12.06"]
[Round "5.2"]
[White "Kleman, Miroslav"]
[Black "Samko, Karol"]
[Result "1/2-1/2"]
[WhiteElo "2204"]
[BlackElo "2048"]
[PlyCount "28"]
[EventDate "2008.10.11"]
[EventType "team-tourn"]
[EventRounds "11"]
[EventCountry "SVK"]
[SourceTitle "EXT 2010"]
[Source "ChessBase"]
[SourceDate "2010.11.25"]
[SourceVersion "1"]
[SourceVersionDate "2010.11.25"]
[SourceQuality "1"]
[WhiteTeam "Bratislava Doprastav III"]
[BlackTeam "Bratislava Doprastav IV"]
[WhiteTeamCountry "SVK"]
[BlackTeamCountry "SVK"]

1. e4 c5 2. Nf3 d6 3. c3 Nf6 4. Be2 Nc6 5. d4 cxd4 6. cxd4 Qa5+ 7. Nc3 Nxe4 8. d5 Nxc3 9. bxc3 Ne5 10. Nxe5 Qxc3+ 11. Bd2 Qxe5 12. 0-0 Bd7 13. Qe1 Rc8 14. Be3 b6 1/2-1/2

[Event "SVK-ch op-B"]
[Site "Zvolen"]
[Date "2008.07.12"]
[Round "8"]
[White "Gono, Michal"]
[Black "Samko, Karol"]
[Result "1/2-1/2"]
[WhiteElo "1848"]
[BlackElo "2061"]
[PlyCount "36"]
[EventDate "2008.07.06"]
[EventType "swiss"]
[EventRounds "9"]
[EventCountry "SVK"]
[SourceTitle "EXT 2009"]
[Source "ChessBase"]
[SourceDate "2008.11.26"]
[SourceVersion "1"]
[SourceVersionDate "2008.11.26"]
[SourceQuality "1"]

1. d4 Nf6 2. c4 e6 3. Nc3 Bb4 4. Qc2 0-0 5. Bg5 d5 6. e3 Nbd7 7. a3 Be7 8. Nf3 c6 9. Rc1 h6 10. Bh4 Ne8 11. Bg3 Nd6 12. cxd5 exd5 13. Bd3 Ne8 14. 0-0 Bd6 15. Bxd6 Nxd6 16. b4 b5 17. Ne2 Bb7 18. Ng3 Nc4 1/2-1/2